Statistics for Anuel AA Charting Songs (Billboard Hot 100)

Click here to take the quiz!

General Stats

  • This quiz has been taken 55 times
    (27 since last reset)
  • The average score is 6 of 13

Answer Stats

AlbumWeeks OnPeakArtist(s)Song% Correct
DUMMY BOY5 Weeks#306ix9ine ft. Anuel AABEBE
100%
Emmanuel18 Weeks#43Daddy Yankee, Anuel AA & Karol G ft. Ozuna & J BalvinChina
100%
Emmanuel11 Weeks#68Anuel AA & Karol GSecreto
71%
Suenos20 Weeks#34Sech ft. Darell, Nicky Jam, Ozuna & Anuel AAOtro Trago
64%
Non-Album Single20 Weeks#61Anuel AA & Romeo SantosElla Quiere Beber
57%
YHLQMDLG1 Week#97Bad Bunny x Anuel AAEsta Cabron Ser Yo
43%
Non-Album Single2 Weeks#86Tainy, Anuel AA & OzunaAdicto
36%
Emmanuel1 Week#86Anuel AA & Bad BunnyHasta Que Dios Diga
36%
Non-Album Single1 Week#83Anuel AAKEII
29%
Non-Album Single10 Weeks#93Nio Garcia, Anuel AA, Myke Towers, Juanka & BrrayLa Jeepeta
29%
Los Dioses1 Week#100Anuel AA & OzunaAntes
29%
Nibiru9 Weeks#69Ozuna ft. Daddy Yankee, J Balvin, Farruko & Anuel AABaila Baila Baila
21%
Championships3 Weeks#39Meek Mill ft. Fabolous & Anuel AAUptown Vibes
7%

Score Distribution

Percentile by Number Answered

Percent of People with Each Score

Your Score History

You have not taken this quiz since the last reset